| 000 | 00676nam a2200229 a 4500 | ||
|---|---|---|---|
| 001 | 13768 | ||
| 003 | BD-JhCC | ||
| 005 | 20240321121413.0 | ||
| 008 | 240321b19802022bg a|||| ||a| 000 0 Ben d | ||
| 020 | _a9847012004586 | ||
| 035 | _a(BD-JhCC)13768 | ||
| 040 |
_aBD-JhCC _dBD-JhCC |
||
| 041 | _aBengali | ||
| 082 |
_a581.03 _bSHA 2022 |
||
| 100 | _aশর্মা,দ্বিজেন | ||
| 245 |
_aশ্যামলী নিসর্গ / _cদ্বিজেন শর্মা । |
||
| 260 |
_aঢাকা: _bকথাপ্রকাশ; _c2022. |
||
| 300 |
_a328 p. : _c22 cm |
||
| 650 |
_aPlants _vBangladesh _zPlants Name |
||
| 942 |
_2ddc _cBK |
||
| 999 |
_c13768 _d13768 |
||